000 00758cam a22002653a 4500
001 19841
003 PGUSA
005 20140828083424.0
008 061118s2006||||xxu|||||s|||||000 1 eng d
040 _aPGUSA
_beng
042 _adc
050 4 _aPS
100 1 _aTwain, Mark,
_d1835-1910
245 1 0 _aEve's Diary
_h[electronic resource] /
_cMark Twain
260 _bProject Gutenberg,
_c2006
506 _aPublic domain in the USA.
516 _aElectronic text
653 _aEve (Biblical figure) -- Fiction
653 _aDiary fiction
653 _aHumorous stories
653 _aBible. Genesis -- History of Biblical events -- Fiction
830 0 _aProject Gutenberg
_v19841
856 4 0 _uhttp://www.gutenberg.org/ebooks/19841
942 _cEB
999 _c249096
_d249096